[Event "29ième Championnat de Martinique"]
[Site "Fort-de-France"]
[Date "2013.05.19"]
[Round "5.2"]
[White "Suez Panama, Gilles"]
[Black "Lafortune, Emerick"]
[Result "1-0"]
[WhiteElo "2059"]
[BlackElo "1713"]
[PlyCount "71"]
[EventDate "2013.05.18"]
[EventType "tourn"]
[EventRounds "11"]
[EventCountry "MFR"]

1. Nf3 Nf6 2. d4 c5 3. d5 d6 4. Nc3 g6 5. e4 Bg7 6. Be2 O-O 7. h3 a6 8. a4 Nbd7
9. Be3 Qb6 10. Qd3 Ne8 11. Rb1 Qa5 12. O-O Ne5 13. Nxe5 Bxe5 14. f4 Bg7 15. Qc4
Bd7 16. Bd2 Bd4+ 17. Kh1 b5 18. Qd3 b4 19. Na2 Bxa4 20. Nxb4 cxb4 21. Qxd4 Qc5
22. Qxc5 dxc5 23. Rfc1 Nd6 24. e5 Nf5 25. Kh2 Rfd8 26. Bf3 Rac8 27. c3 bxc3 28.
bxc3 c4 29. g4 Ng7 30. Rb7 Rd7 31. Rcb1 Kf8 32. Be4 Ke8 33. f5 gxf5 34. gxf5 f6
35. e6 Rdc7 36. Rxc7 1-0

[Event "29ième Championnat de Martinique"]
[Site "Fort-de-France"]
[Date "2013.05.19"]
[Round "5.3"]
[White "Mendiondo, Yosvany"]
[Black "Montabord, Manuel"]
[Result "1-0"]
[WhiteElo "2040"]
[BlackElo "2052"]
[PlyCount "51"]
[EventDate "2013.05.18"]
[EventType "tourn"]
[EventRounds "11"]
[EventCountry "MFR"]

1. Nf3 Nf6 2. g3 d5 3. Bg2 Bf5 4. O-O e6 5. d3 h6 6. Nbd2 Be7 7. Qe1 O-O 8. e4
Bh7 9. Qe2 c5 10. Re1 Nc6 11. exd5 exd5 12. b3 Re8 13. Qd1 Rc8 14. Bb2 b5 15.
a4 a6 16. Bh3 Rc7 17. Ne5 d4 18. Nxc6 Rxc6 19. Qf3 Nd5 20. axb5 axb5 21. Ra7
Nb4 22. Bd7 Rf6 23. Qe2 Re6 24. Bxe6 fxe6 25. Qxe6+ Kf8 26. Rd7 1-0

[Event "29ième Championnat de Martinique"]
[Site "Fort-de-France"]
[Date "2013.05.19"]
[Round "5"]
[White "Chancerel, Dominique"]
[Black "Rapon, Karl Loic"]
[Result "0-1"]
[WhiteElo "1832"]
[BlackElo "2069"]
[PlyCount "54"]
[EventDate "2013.05.18"]
[EventRounds "11"]
[EventCountry "MFR"]

1. e4 c5 2. Nf3 d6 3. d4 cxd4 4. Nxd4 Nf6 5. Bd3 Nc6 6. Nb3 g6 7. Nc3 Bg7 8.
Bg5 h6 9. Bd2 O-O 10. Qe2 Be6 11. h4 h5 12. Bc4 Bxc4 13. Qxc4 Ne5 14. Qe2 Rc8
15. O-O-O Nc4 16. Be1 Qe8 17. f3 b5 18. Kb1 b4 19. Nd5 Nxd5 20. Rxd5 Qa4 21. e5
e6 22. Rd4 Qb5 23. Rxc4 Rxc4 24. Nd2 Rc5 25. Qxb5 Rxb5 26. exd6 Rd5 27. Ne4
Rd1# 0-1

[Event "29ième Championnat de Martinique"]
[Site "Fort-de-France"]
[Date "2013.05.19"]
[Round "5.5"]
[White "Midonet, Mathieu"]
[Black "Medeuf, Yonhel"]
[Result "0-1"]
[WhiteElo "2138"]
[BlackElo "2072"]
[PlyCount "72"]
[EventDate "2013.05.18"]
[EventType "tourn"]
[EventRounds "11"]
[EventCountry "MFR"]

1. e4 c5 2. Nf3 Nc6 3. Bb5 g6 4. O-O Bg7 5. c3 d5 6. Bxc6+ bxc6 7. Qa4 Bd7 8.
d3 c4 9. dxc4 dxe4 10. Ng5 f5 11. f3 Qb6+ 12. Kh1 Nf6 13. fxe4 h6 14. e5 hxg5
15. exf6 Bxf6 16. Nd2 Qc7 17. Kg1 Qxh2+ 18. Kf2 g4 19. c5 Bh4+ 20. Ke3 Bg5+ 21.
Kd3 Qxg2 22. Re1 Qg3+ 23. Ke2 Bxd2 24. Kxd2 Rd8 25. Kd1 Qd3+ 26. Bd2 Rh2 27.
Qf4 Qf3+ 28. Kc1 Qxf4 29. Bxf4 Rh7 30. Kc2 Bc8 31. Rh1 Rxh1 32. Rxh1 Rd5 33.
Rh8+ Kd7 34. b4 Ba6 35. Rg8 e5 36. Bg5 f4 0-1

[Event "29ième Championnat de Martinique"]
[Site "Fort-de-France"]
[Date "2013.05.19"]
[Round "5.6"]
[White "Nardol, Fred"]
[Black "Verneuil, Pascal"]
[Result "0-1"]
[WhiteElo "1894"]
[BlackElo "2069"]
[PlyCount "103"]
[EventDate "2013.05.18"]
[EventType "tourn"]
[EventRounds "11"]
[EventCountry "MFR"]

1. d4 Nf6 2. c4 e6 3. Nf3 Bb4+ 4. Bd2 Be7 5. Nc3 d5 6. e3 O-O 7. Qc2 c6 8. cxd5
exd5 9. Bd3 Re8 10. O-O Nbd7 11. Rab1 Nf8 12. Ne5 Bd6 13. f4 Ng4 14. Rbe1 Nh6
15. a3 f6 16. Nf3 Qc7 17. b4 Be6 18. f5 Bf7 19. e4 Ng4 20. Ne2 Bxh2+ 21. Kh1
dxe4 22. Bxe4 Rad8 23. Bd3 Bd6 24. Bc4 Ne3 25. Bxe3 Rxe3 26. Bxf7+ Qxf7 27. Nc3
Rde8 28. Rxe3 Rxe3 29. Kg1 Nd7 30. Kf2 Bf4 31. b5 Qc4 32. Rc1 Rxf3+ 33. Kxf3
Bxc1 34. bxc6 bxc6 35. Qxc1 Qxd4 36. g3 Ne5+ 37. Kg2 h5 38. Qb2 Kh7 39. Qe2 Qg4
40. Qxg4 hxg4 41. Kf2 Nc4 42. a4 Nd6 43. Ke3 Nxf5+ 44. Kf4 Nh6 45. a5 g5+ 46.
Ke4 Kg6 47. Ne2 Nf5 48. Kd3 Nxg3 49. Nxg3 f5 50. Kd4 f4 51. Ne4 g3 52. Nd2 0-1

[Event "29ième Championnat de Martinique"]
[Site "Fort-de-France"]
[Date "2013.05.19"]
[Round "6"]
[White "Guillaume, Marvin"]
[Black "Verneuil, Pascal"]
[Result "1/2-1/2"]
[WhiteElo "1693"]
[BlackElo "2069"]
[PlyCount "103"]
[EventDate "2013.05.18"]
[EventType "tourn"]
[EventRounds "11"]
[EventCountry "MFR"]

1. c4 Nf6 2. Nc3 g6 3. d3 Bg7 4. g3 O-O 5. Bg2 c6 6. e4 e5 7. Nge2 Na6 8. O-O
Nc7 9. Bg5 h6 10. Bxf6 Bxf6 11. Qd2 Bg7 12. b4 d6 13. b5 Be6 14. a4 d5 15. exd5
cxd5 16. c5 Qe7 17. b6 Na6 18. Nxd5 Bxd5 19. Bxd5 Nxc5 20. bxa7 Rxa7 21. Nc3
Qd7 22. Qe3 Ra5 23. Bc4 Qd4 24. Nb5 Qxe3 25. fxe3 Rxa4 26. Rxa4 Nxa4 27. Nd6
Nb2 28. Bxf7+ Kh7 29. Rb1 Nxd3 30. Rxb7 Nc5 31. Rc7 Rd8 32. Ne8 Rd7 33. Rxc5
Rxf7 34. Nxg7 Kxg7 35. Rxe5 Rd7 36. h4 Rd2 37. g4 Kf6 38. Ra5 Re2 39. Ra3 Ke5
40. Ra6 Ke4 41. Rxg6 Kf3 42. Rxh6 Kxg4 43. Re6 Kxh4 44. Kf1 Rb2 45. Rg6 Kh5 46.
Rg8 Ra2 47. Ke1 Rb2 48. Kd1 Ra2 49. Kc1 Re2 50. Re8 Kg6 51. Kd1 Ra2 52. Rf8
1/2-1/2

[Event "Départage 29ème Championnat Martinique "]
[Site "Fort-de-France"]
[Date "2013.05.25"]
[Round "12.1"]
[White "Midonet, Mathieu"]
[Black "Mendiondo, Yosvany"]
[Result "1-0"]
[WhiteElo "2138"]
[BlackElo "2040"]
[PlyCount "127"]
[EventDate "2013.05.22"]
[EventType "rapid"]
[EventCountry "MFR"]

1. e4 d6 2. d4 Nf6 3. Nc3 g6 4. Bg5 Bg7 5. Qd2 h6 6. Bf4 c6 7. Bd3 g5 8. Bg3
Nh5 9. Nge2 e5 10. d5 c5 11. Bb5+ Nd7 12. f3 a6 13. Bxd7+ Bxd7 14. Bf2 Nf4 15.
Nxf4 exf4 16. h4 Qf6 17. hxg5 hxg5 18. Rxh8+ Bxh8 19. O-O-O O-O-O 20. Rh1 Bg7
21. Qe2 Qe5 22. Rh7 Rh8 23. Rxh8+ Bxh8 24. Qe1 Kc7 25. Qh1 Bg7 26. Qh2 b5 27.
g3 b4 28. gxf4 gxf4 29. Nd1 a5 30. Be1 a4 31. c3 a3 32. cxb4 axb2+ 33. Qxb2
Qxb2+ 34. Nxb2 Bxb2+ 35. Kxb2 cxb4 36. Bxb4 Bb5 37. Kc3 Be2 38. Kd4 Bxf3 39.
Bd2 Bd1 40. Bxf4 f6 41. Bg3 Kd7 42. Ke3 Ke7 43. Kf4 Ba4 44. Kf5 Bd7+ 45. Kg6
Be8+ 46. Kg7 Bb5 47. Kg6 Be8+ 48. Kf5 Bd7+ 49. Kf4 Ba4 50. Be1 Bb5 51. Bc3 Bd7
52. Bd4 Kf7 53. Bb6 Ke7 54. Bc7 Ba4 55. Bb6 Bd7 56. Bd4 Kf7 57. Bc3 Ke7 58. Bb4
Be8 59. Kf5 Bd7+ 60. Kg6 Bb5 61. Bc3 Be8+ 62. Kg7 Bb5 63. Bxf6+ Kd7 64. Kg6 1-0

[Event "29ième Championnat de Martinique"]
[Site "Fort-de-France"]
[Date "2013.05.19"]
[Round "6"]
[White "Montabord, Manuel"]
[Black "Chancerel, Dominique"]
[Result "1-0"]
[WhiteElo "2052"]
[BlackElo "1832"]
[PlyCount "97"]
[EventDate "2013.05.18"]
[EventType "tourn"]
[EventRounds "11"]
[EventCountry "MFR"]

1. e4 d6 2. d4 Nf6 3. Nc3 g6 4. Be2 Bg7 5. h4 c5 6. dxc5 Qa5 7. Qd3 Qxc5 8. Be3
Qa5 9. h5 gxh5 10. Nh3 Nc6 11. O-O-O Ng4 12. Bd2 Bd7 13. Qb5 Qxb5 14. Nxb5 Rc8
15. f3 Nge5 16. Nf4 a6 17. Nc3 Nd4 18. Bf1 h4 19. Nh5 Bf8 20. Be3 Ne6 21. Rxh4
Ng7 22. Nd5 Nxh5 23. Rxh5 Be6 24. Kb1 f6 25. Rh2 h5 26. Be2 Kf7 27. Rdh1 Bxd5
28. exd5 Kg6 29. b3 Bg7 30. Rh4 f5 31. Rb4 b5 32. a4 Ra8 33. axb5 axb5 34. Bd4
Rhb8 35. f4 Nf3 36. Bxf3 Bxd4 37. Rxd4 Ra3 38. Kb2 Rba8 39. Rc1 h4 40. Rb4 Ra2+
41. Kc3 Rc8+ 42. Kd2 Rc5 43. Rd4 Kf6 44. Rd3 Kg6 45. Rc3 b4 46. Rxc5 dxc5 47.
Kd3 Ra7 48. Rh1 Rd7 49. Kc4 1-0

[Event "29ième Championnat de Martinique"]
[Site "Fort-de-France"]
[Date "2013.05.18"]
[Round "6"]
[White "Lafortune, Emerick"]
[Black "Mendiondo, Yosvany"]
[Result "0-1"]
[WhiteElo "1713"]
[BlackElo "2040"]
[PlyCount "194"]
[EventDate "2013.05.18"]
[EventRounds "11"]
[EventCountry "MFR"]

1. Nf3 d6 2. d4 Bg4 3. c4 Bxf3 4. exf3 g6 5. Be2 Bg7 6. O-O Nf6 7. Qb3 Qc8 8.
Be3 O-O 9. Nc3 c6 10. Rac1 Nbd7 11. Rfd1 Re8 12. Ne4 h6 13. Bf1 a5 14. Rd3 Kh7
15. Qd1 Rf8 16. a3 Ne8 17. f4 Nef6 18. Qf3 d5 19. Nd2 e6 20. c5 a4 21. b4 Ne8
22. Qh3 Nc7 23. Rdc3 Qe8 24. Nf3 Nf6 25. Rb1 Nd7 26. b5 Qc8 27. b6 Ne8 28. Ne5
f6 29. Nf3 Nb8 30. Bd3 Qd7 31. Nh4 f5 32. g4 Qf7 33. g5 Rh8 34. Nf3 Nd7 35.
gxh6 Kg8 36. Ng5 Qe7 37. h7+ Kf8 38. Kh1 Nef6 39. Rg1 Ne4 40. Rcc1 Nxg5 41.
Rxg5 Kf7 42. Rcg1 Nf8 43. Qg2 Qf6 44. Be2 Rxh7 45. Rg3 Rh6 46. Rh3 Rxh3 47.
Qxh3 Nd7 48. Qg3 Rh8 49. Qg5 Qxg5 50. Rxg5 Nf6 51. Kg2 Ne4 52. Rg3 Nxg3 53.
fxg3 Ke7 54. h4 Ra8 55. Bd3 Kd7 56. Kf2 Ra5 57. Ke2 Bf6 58. Bf2 Bd8 59. Kd2 Bf6
60. Kc2 Bg7 61. Kd2 Bh6 62. Kc3 Bg7 63. Kb4 Ra8 64. Kc3 Bf6 65. Bf1 Rg8 66. Kd3
g5 67. hxg5 Bxg5 68. fxg5 Rxg5 69. Ke3 Rh5 70. Bg2 Rh2 71. Kf3 Rh8 72. Kf4 Ra8
73. Bf1 Rg8 74. Be2 Rh8 75. Bf3 Rh2 76. Ke3 Ke7 77. Be1 Ra2 78. Bb4 Rb2 79. Bd1
Rb1 80. Kd2 Ra1 81. Bc3 Rxa3 82. Bc2 Kf6 83. Bb1 Kg5 84. Kc2 Kg4 85. Be1 Kf3
86. Kd2 Ra1 87. Kc2 Ra3 88. Kd2 Rb3 89. Bc2 Rb2 90. Kc1 a3 91. Bc3 Rxc2+ 92.
Kxc2 Kxg3 93. Kd1 Kf2 94. Be1+ Kf1 95. Bc3 f4 96. Kd2 f3 97. Kd1 f2 0-1

[Event "29ième Championnat de Martinique"]
[Site "Fort-de-France"]
[Date "2013.05.19"]
[Round "6"]
[White "Marceline, Philippe"]
[Black "Suez Panama, Gilles"]
[Result "0-1"]
[WhiteElo "1984"]
[BlackElo "2059"]
[PlyCount "40"]
[EventDate "2013.05.18"]
[EventType "tourn"]
[EventRounds "11"]
[EventCountry "MFR"]

1. e4 e6 2. d4 d5 3. e5 c5 4. c3 Nc6 5. Nf3 Nge7 6. Bd3 Nf5 7. Bxf5 exf5 8. O-O
cxd4 9. cxd4 Be7 10. Nc3 Be6 11. Ne1 g5 12. Nc2 Qd7 13. Qh5 f4 14. h4 h6 15.
hxg5 Bxg5 16. Qf3 O-O-O 17. Bxf4 Bf5 18. Ne3 Nxd4 19. Qxd5 Bxf4 20. Nxf5 Qxf5
0-1

[Event "29ième Championnat de Martinique"]
[Site "Fort-de-France"]
[Date "2013.05.21"]
[Round "7"]
[White "Suez Panama, Gilles"]
[Black "Guillaume, Marvin"]
[Result "0-1"]
[WhiteElo "2059"]
[BlackElo "1693"]
[PlyCount "116"]
[EventDate "2013.05.18"]
[EventType "tourn"]
[EventRounds "11"]
[EventCountry "MFR"]

1. Nf3 c5 2. b3 Nc6 3. Bb2 d5 4. e3 e6 5. Bb5 Bd7 6. O-O Nf6 7. d3 Bd6 8. Nbd2
O-O 9. Bxc6 Bxc6 10. Ne5 Bxe5 11. Bxe5 Nd7 12. Bb2 f5 13. f4 b5 14. Nf3 h6 15.
b4 cxb4 16. Nd4 Qb6 17. Qe1 Nc5 18. Qxb4 a5 19. Qe1 Na4 20. Bc1 Rae8 21. Bd2 b4
22. a3 e5 23. fxe5 Rxe5 24. axb4 axb4 25. Bxb4 Rfe8 26. Bd2 Bd7 27. Qf2 Nc5 28.
Rfb1 Qf6 29. Ra5 Qd6 30. Bb4 Rb8 31. Nb3 Rxb4 32. d4 Nxb3 33. Ra8+ Re8 34.
Rxe8+ Bxe8 35. cxb3 Bg6 36. Rb2 Qc6 37. Qd2 Qb5 38. h4 Rxb3 39. Rc2 Qd3 40.
Rc8+ Kh7 41. Qxd3 Rxd3 42. Kf2 Rb3 43. Rd8 Rb5 44. Kf3 Bf7 45. Kf4 g6 46. Ke5
Kg7 47. Rd6 Rb2 48. h5 Rxg2 49. hxg6 Rxg6 50. Rd8 Re6+ 51. Kf4 Kf6 52. Rh8 Re4+
53. Kf3 Kg5 54. Rh7 Bh5+ 55. Kf2 f4 56. exf4+ Rxf4+ 57. Ke3 Re4+ 58. Kd3 Bg6
0-1

[Event "29ième Championnat de Martinique"]
[Site "Fort-de-France"]
[Date "2013.05.21"]
[Round "7"]
[White "Midonet, Mathieu"]
[Black "Montabord, Manuel"]
[Result "1-0"]
[WhiteElo "2138"]
[BlackElo "2052"]
[PlyCount "63"]
[EventDate "2013.05.18"]
[EventType "tourn"]
[EventRounds "11"]
[EventCountry "MFR"]

1. e4 c6 2. Ne2 d5 3. e5 Bf5 4. Ng3 Bg6 5. h4 h6 6. h5 Bh7 7. e6 fxe6 8. d4 Qd6
9. f4 Nd7 10. Bd3 Bxd3 11. Qxd3 O-O-O 12. Be3 Kb8 13. c3 Ngf6 14. b4 Ng4 15.
Nd2 e5 16. fxe5 Ndxe5 17. dxe5 Qxe5 18. Ngf1 Nxe3 19. Qxe3 Qd6 20. Nf3 e5 21.
O-O-O Re8 22. Ng3 Qf6 23. Nh4 Bd6 24. Ng6 Rhg8 25. Rhf1 Qe6 26. Kb1 Qg4 27. Qf3
Qg5 28. Nf5 Bc7 29. Qe2 Bd8 30. Nd6 Re6 31. Nf7 Qg3 32. Rd3 1-0

[Event "29ième Championnat de Martinique"]
[Site "Fort-de-France"]
[Date "2013.05.21"]
[Round "7"]
[White "Nardol, Fred"]
[Black "Rapon, Karl Loic"]
[Result "1/2-1/2"]
[WhiteElo "1894"]
[BlackElo "2069"]
[PlyCount "110"]
[EventDate "2013.05.18"]
[EventType "tourn"]
[EventRounds "11"]
[EventCountry "MFR"]

1. d4 Nf6 2. c4 e6 3. g3 Bb4+ 4. Bd2 Be7 5. Nc3 d5 6. Nf3 O-O 7. Bg2 c5 8. cxd5
exd5 9. O-O Nc6 10. Bf4 c4 11. Ne5 Nb4 12. e3 Bf5 13. g4 Be4 14. Nxe4 Nxe4 15.
Nxc4 Rc8 16. Ne5 Qa5 17. a3 Nc2 18. Rc1 Qa4 19. Qd3 f6 20. b3 Qa6 21. Qxa6 bxa6
22. Nd7 Rfd8 23. Nc5 Bxc5 24. Rxc2 Bxa3 25. Bxe4 dxe4 26. Rc4 a5 27. Bc7 Rd5
28. Kg2 Rb5 29. Bd6 Rxc4 30. bxc4 Rb3 31. Bxa3 Rxa3 32. Rb1 a4 33. Rb8+ Kf7 34.
Rb7+ Ke6 35. Rxa7 g5 36. Ra6+ Ke7 37. c5 h6 38. d5 Rc3 39. Ra7+ Kd8 40. Rxa4
Rxc5 41. Rxe4 Rxd5 42. Re6 f5 43. gxf5 Rxf5 44. Rxh6 Ke7 45. h3 Kf7 46. f3 Kg7
47. Rd6 Re5 48. e4 Re7 49. Kg3 Rf7 50. e5 Rf5 51. Re6 Kf7 52. Rf6+ Rxf6 53.
exf6 Kxf6 54. Kf2 Kf5 55. Ke3 Ke5 1/2-1/2

[Event "29ième Championnat de Martinique"]
[Site "Fort-de-France"]
[Date "2013.05.21"]
[Round "7"]
[White "Verneuil, Pascal"]
[Black "Medeuf, Yonhel"]
[Result "1-0"]
[WhiteElo "2069"]
[BlackElo "2072"]
[PlyCount "44"]
[EventDate "2013.05.18"]
[EventType "tourn"]
[EventRounds "11"]
[EventCountry "MFR"]

1. e4 e6 2. d4 d5 3. Nd2 Nf6 4. e5 Nfd7 5. f4 c5 6. c3 Nc6 7. Ndf3 Qb6 8. Ne2
Be7 9. g3 O-O 10. Bh3 cxd4 11. cxd4 Kh8 12. O-O f6 13. Kh1 fxe5 14. fxe5 Ndb8
15. Nf4 Na6 16. Be3 Nc7 17. Nh4 g5 18. Nfg6+ hxg6 19. Nxg6+ Kg7 20. Nxf8 Bxf8
21. Qh5 Nd8 22. Qxg5+ Kh8 1-0

[Event "29ième Championnat de Martinique"]
[Site "Fort-de-France"]
[Date "2013.05.21"]
[Round "8"]
[White "Rapon, Karl Loic"]
[Black "Verneuil, Pascal"]
[Result "1-0"]
[WhiteElo "2069"]
[BlackElo "2069"]
[PlyCount "89"]
[EventDate "2013.05.18"]
[EventType "tourn"]
[EventRounds "11"]
[EventCountry "MFR"]

1. c4 Nf6 2. Nc3 d5 3. cxd5 Nxd5 4. g3 e6 5. Bg2 Be7 6. Qa4+ Bd7 7. Qb3 Bc6 8.
Nf3 Bf6 9. O-O O-O 10. Ne4 Nd7 11. Nxf6+ N5xf6 12. Qc2 a5 13. b3 a4 14. Bb2 a3
15. Bc3 Qe7 16. Rfe1 Qc5 17. d4 Qb6 18. e4 Rfd8 19. Rad1 Qa6 20. Bd2 Qb5 21.
Bf4 Qh5 22. h3 h6 23. g4 Qg6 24. Ne5 Nxe5 25. Bxe5 Ne8 26. Qc5 h5 27. d5 hxg4
28. dxc6 gxh3 29. Bg3 b6 30. Rxd8 Rxd8 31. Qe7 Rd3 32. Qxe8+ Kh7 33. Qd7 Rc3
34. Qd2 Rc5 35. Bxh3 Rxc6 36. Kg2 Rc5 37. Rh1 Rh5 38. e5 Qe4+ 39. f3 Qg6 40.
Qe2 Rh6 41. Qe4 Kg8 42. Qa8+ Kh7 43. Qe4 Kg8 44. Qxg6 Rxg6 45. Rd1 1-0

[Event "29ième Championnat de Martinique"]
[Site "Fort-de-France"]
[Date "2013.05.21"]
[Round "8"]
[White "Montabord, Manuel"]
[Black "Nardol, Fred"]
[Result "1-0"]
[WhiteElo "2052"]
[BlackElo "1894"]
[PlyCount "135"]
[EventDate "2013.05.18"]
[EventType "tourn"]
[EventRounds "11"]
[EventCountry "MFR"]

1. e4 d6 2. d4 Nf6 3. Nc3 g6 4. Be2 Bg7 5. h4 h5 6. Bg5 c6 7. Nf3 Qa5 8. Qd2 b5
9. Bd3 Nbd7 10. O-O a6 11. Rad1 O-O 12. Bh6 b4 13. Bxg7 Kxg7 14. Ne2 Rb8 15. b3
Qc7 16. Qg5 e5 17. Ng3 Rh8 18. dxe5 dxe5 19. Bc4 Nc5 20. Qxe5 Qxe5 21. Nxe5 Be6
22. Bxe6 Nxe6 23. Nxc6 Rb6 24. Na5 Nc7 25. Nc4 Re6 26. f3 Nb5 27. Rd3 Ra8 28.
Ne2 a5 29. e5 Ng8 30. Rd5 Nc7 31. Rd7 Na6 32. Nf4 Re7 33. Rfd1 Nc5 34. R7d5 Rc7
35. R1d4 Ne7 36. Rd6 Nf5 37. Rd8 Nxd4 38. Rxa8 a4 39. Nd5 Rc6 40. Nxb4 axb3 41.
cxb3 Re6 42. Ra5 Nb7 43. Ra7 Nc5 44. Kf2 Nf5 45. g3 g5 46. hxg5 Kg6 47. Rc7 Na6
48. Nxa6 Rxa6 49. a4 h4 50. gxh4 Nxh4 51. Rb7 Ra8 52. f4 Rc8 53. Rxf7 Rb8 54.
Rf6+ Kg7 55. Rb6 Rc8 56. a5 Nf5 57. a6 Ra8 58. Rb7+ Kg6 59. a7 Rh8 60. Rb8 Rh2+
61. Kf3 Rh3+ 62. Ke4 Ng3+ 63. Kd5 Nh5 64. a8=Q Nxf4+ 65. Kc6 Kxg5 66. Rf8 Rxb3
67. Qd8+ Kg4 68. Qd1+ 1-0

[Event "29ième Championnat de Martinique"]
[Site "Fort-de-France"]
[Date "2013.05.21"]
[Round "8"]
[White "Marceline, Philippe"]
[Black "Chancerel, Dominique"]
[Result "1-0"]
[WhiteElo "1984"]
[BlackElo "1832"]
[PlyCount "59"]
[EventDate "2013.05.18"]
[EventType "tourn"]
[EventRounds "11"]
[EventCountry "MFR"]

1. e4 e5 2. Nf3 Nc6 3. Nc3 Nf6 4. Bb5 Nd4 5. Ba4 Bc5 6. O-O O-O 7. Nxe5 d6 8.
Nd3 Bb6 9. h3 Kh8 10. Nf4 c6 11. Nfe2 g5 12. Nxd4 Bxd4 13. Ne2 Bb6 14. d3 g4
15. h4 Nh5 16. g3 d5 17. Kg2 f5 18. exf5 Bxf5 19. c3 Qf6 20. Bg5 Qg6 21. Bc2
Rae8 22. Qd2 Kg7 23. Nf4 Nxf4+ 24. Bxf4 c5 25. Rac1 Rf7 26. d4 Be4+ 27. Kh2
cxd4 28. cxd4 Bc7 29. Bxc7 Rxc7 30. Bxe4 1-0

[Event "29ième Championnat de Martinique"]
[Site "Fort-de-France"]
[Date "2013.05.21"]
[Round "8"]
[White "Suez Panama, Gilles"]
[Black "Mendiondo, Yosvany"]
[Result "0-1"]
[WhiteElo "2059"]
[BlackElo "2040"]
[PlyCount "92"]
[EventDate "2013.05.18"]
[EventType "tourn"]
[EventRounds "11"]
[EventCountry "MFR"]

1. d4 g6 2. Nf3 Bg7 3. c4 c5 4. d5 d6 5. g3 a6 6. e4 Nf6 7. Nc3 O-O 8. Qd3 e6
9. dxe6 Bxe6 10. Bg2 Nc6 11. O-O Nb4 12. Qe2 b5 13. cxb5 axb5 14. Nxb5 Bxa2 15.
Bf4 d5 16. exd5 Nfxd5 17. Bg5 Qb6 18. Rfc1 Rfe8 19. Be3 Nxe3 20. fxe3 Rad8 21.
Nc3 Bb3 22. Na4 Bxa4 23. Rxa4 Bh6 24. Rc3 Nd5 25. Rd3 Bxe3+ 26. Kh1 Bc1 27. Ne5
Nb4 28. Rxd8 Qxd8 29. Ra8 Qe7 30. Rxe8+ Qxe8 31. Bf3 Bh6 32. Ng4 Qxe2 33. Nxh6+
Kg7 34. Nf5+ Kf6 35. Bxe2 Kxf5 36. Kg2 h6 37. Kf3 Ke5 38. Ke3 f5 39. Bc4 g5 40.
b3 f4+ 41. Kf3 fxg3 42. Kxg3 Nc2 43. h4 Ne3 44. Bd3 Nf5+ 45. Bxf5 Kxf5 46. hxg5
Kxg5 0-1

[Event "29ième Championnat de Martinique"]
[Site "Fort-de-France"]
[Date "2013.05.22"]
[Round "11"]
[White "Chancerel, Dominique"]
[Black "Guillaume, Marvin"]
[Result "0-1"]
[WhiteElo "1832"]
[BlackElo "1693"]
[PlyCount "50"]
[EventDate "2013.05.18"]
[EventType "tourn"]
[EventRounds "11"]
[EventCountry "MFR"]

1. e4 Nf6 2. e5 Nd5 3. c4 Nb6 4. d4 d6 5. f4 dxe5 6. fxe5 Nc6 7. Be3 Bf5 8. Nc3
e6 9. Nf3 Nb4 10. Rc1 c5 11. dxc5 Nd7 12. a3 Nc6 13. b4 Ndxe5 14. Nxe5 Nxe5 15.
Qa4+ Qd7 16. Nb5 Nc6 17. Rd1 Qc8 18. Bf4 Be7 19. Nc7+ Kf8 20. Nxa8 Qxa8 21. Be2
e5 22. Bg3 Nd4 23. Bd3 b5 24. cxb6 Qxg2 25. bxa7 Nf3# 0-1

[Event "29ième Championnat de Martinique"]
[Site "Fort-de-France"]
[Date "2013.05.22"]
[Round "11"]
[White "Midonet, Mathieu"]
[Black "Mendiondo, Yosvany"]
[Result "1-0"]
[WhiteElo "2138"]
[BlackElo "2040"]
[PlyCount "39"]
[EventDate "2013.05.18"]
[EventType "tourn"]
[EventRounds "11"]
[EventCountry "MFR"]

1. e4 Nf6 2. e5 Nd5 3. c4 Nb6 4. c5 Nd5 5. Bc4 e6 6. d4 b6 7. Nc3 Nxc3 8. bxc3
bxc5 9. d5 Bb7 10. dxe6 dxe6 11. Qg4 h5 12. Qg3 h4 13. Qg4 Nc6 14. Bf4 Na5 15.
Bb5+ c6 16. Rd1 Qb6 17. Bd3 Rd8 18. Qxe6+ fxe6 19. Bg6+ Ke7 20. Bg5# 1-0

[Event "29ième Championnat de Martinique"]
[Site "Fort-de-France"]
[Date "2013.05.22"]
[Round "11"]
[White "Nardol, Fred"]
[Black "Suez Panama, Gilles"]
[Result "0-1"]
[WhiteElo "1894"]
[BlackElo "2059"]
[PlyCount "54"]
[EventDate "2013.05.18"]
[EventType "tourn"]
[EventRounds "11"]
[EventCountry "MFR"]

1. d4 d5 2. c4 c6 3. Nc3 e6 4. cxd5 exd5 5. Bf4 Nf6 6. e3 Qb6 7. Qc2 Be6 8. Bd3
Nbd7 9. Nf3 Nh5 10. Bg5 h6 11. Bh4 g5 12. Bg3 Nxg3 13. hxg3 Bg7 14. Bf5 Bxf5
15. Qxf5 Qxb2 16. O-O Qxc3 17. Rfc1 Qa3 18. Rcb1 b6 19. e4 Nf6 20. Rb3 Qa5 21.
exd5 O-O 22. Re3 Nxd5 23. Re5 Rae8 24. Rae1 Bxe5 25. dxe5 Ne7 26. Qh3 Kg7 27.
Re4 Ng6 0-1

[Event "29ième Championnat de Martinique"]
[Site "Fort-de-France"]
[Date "2013.05.22"]
[Round "11"]
[White "Verneuil, Pascal"]
[Black "Marceline, Philippe"]
[Result "1-0"]
[WhiteElo "2069"]
[BlackElo "1984"]
[PlyCount "47"]
[EventDate "2013.05.18"]
[EventType "tourn"]
[EventRounds "11"]
[EventCountry "MFR"]

1. e4 Nf6 2. e5 Nd5 3. Nf3 d6 4. exd6 cxd6 5. d4 g6 6. Bc4 Nb6 7. Bb3 Bg7 8.
O-O O-O 9. c3 Nc6 10. Re1 e5 11. Bg5 Qc7 12. Na3 Bg4 13. h3 Bxf3 14. Qxf3 Na5
15. dxe5 dxe5 16. Bf6 Nxb3 17. axb3 a6 18. Rxe5 Bxf6 19. Qxf6 Nd7 20. Re7 Nxf6
21. Rxc7 b5 22. Nc2 a5 23. Nd4 a4 24. b4 1-0

[Event "29ième Championnat de Martinique"]
[Site "Fort-de-France"]
[Date "2013.05.22"]
[Round "11"]
[White "Medeuf, Yonhel"]
[Black "Lafortune, Emerick"]
[Result "1-0"]
[WhiteElo "2072"]
[BlackElo "1713"]
[PlyCount "37"]
[EventDate "2013.05.18"]
[EventType "tourn"]
[EventRounds "11"]
[EventCountry "MFR"]

1. e4 c5 2. d4 cxd4 3. c3 d3 4. Bxd3 g6 5. c4 Bg7 6. Nc3 Nc6 7. Nf3 Nf6 8. O-O
O-O 9. h3 d6 10. Be3 Bd7 11. Qd2 Ne8 12. Bh6 Nc7 13. Rad1 Ne6 14. Bb1 Qa5 15.
Qe3 Rad8 16. Nd5 Rfe8 17. Bxg7 Kxg7 18. b4 Qa4 19. Qc3+ 1-0

[Event "29ième Championnat de Martinique"]
[Site "Fort-de-France"]
[Date "2013.05.22"]
[Round "11"]
[White "Rapon, Karl Loic"]
[Black "Montabord, Manuel"]
[Result "1-0"]
[WhiteElo "2069"]
[BlackElo "2052"]
[PlyCount "29"]
[EventDate "2013.05.18"]
[EventType "tourn"]
[EventRounds "11"]
[EventCountry "MFR"]

1. c4 c6 2. d4 d5 3. Nc3 Nf6 4. cxd5 cxd5 5. Bf4 Nc6 6. e3 Bg4 7. Qa4 a6 8. h3
Bh5 9. Nf3 e6 10. Ne5 Rc8 11. Nxc6 Rxc6 12. Bxa6 Nd7 13. Bb5 Rc8 14. O-O Ra8
15. Bxd7+ 1-0

[Event "29ième Championnat de Martinique"]
[Site "Fort-de-France"]
[Date "2013.05.22"]
[Round "10.1"]
[White "Guillaume, Marvin"]
[Black "Rapon, Karl Loic"]
[Result "0-1"]
[WhiteElo "1693"]
[BlackElo "2069"]
[PlyCount "94"]
[EventDate "2013.05.18"]
[EventType "tourn"]
[EventRounds "11"]
[EventCountry "MFR"]

1. e4 c5 2. Nf3 d6 3. d4 cxd4 4. Nxd4 Nf6 5. Nc3 a6 6. Be2 e6 7. Be3 Be7 8. O-O
Nc6 9. f4 Qc7 10. g4 h6 11. Nxc6 bxc6 12. Qe1 c5 13. Qf2 Bb7 14. Bf3 d5 15. e5
Nd7 16. Ne2 f6 17. exf6 gxf6 18. c3 e5 19. Rfd1 d4 20. cxd4 cxd4 21. Bxd4 exd4
22. Nxd4 Rb8 23. Re1 Kf7 24. Rxe7+ Kxe7 25. Re1+ Kf7 26. Ne6 Qb6 27. Re3 Rhe8
28. f5 Ne5 29. Bxb7 Rxb7 30. b3 Nxg4 31. Qg3 Qxe3+ 32. Kg2 Qxg3+ 33. hxg3 Rxe6
34. fxe6+ Kxe6 35. b4 Rxb4 36. a4 Ke5 37. a5 Rb2+ 38. Kf3 Nh2+ 39. Ke3 Rb3+ 40.
Kf2 Ng4+ 41. Kg2 Kf5 42. Kg1 Rb2 43. Kf1 Ke4 44. Ke1 Kd3 45. Kf1 Ke3 46. Kg1
Kf3 47. Kh1 Rb1# 0-1